Thơ Tuyển

সংরক্ষণ করুন:
গ্রন্থ-পঞ্জীর বিবরন
প্রধান লেখক: Tagore Rabindranath
অন্যান্য লেখক: Đỗ Khánh Hoan... (dịch), Cao Huy Đỉnh... (dịch)
বিন্যাস: গ্রন্থ
ভাষা:Vietnamese
প্রকাশিত: H. Văn học 2004
মালা:Dịch theo bản Pháp, Anh
বিষয়গুলি:
Anh
ট্যাগগুলো: ট্যাগ যুক্ত করুন
কোনো ট্যাগ নেই, প্রথমজন হিসাবে ট্যাগ করুন!
Thư viện lưu trữ: Mạng thư viện Đại học Đà Nẵng
LEADER 01208nam a2200373 4500
001 000005000
003 1142
005 20120411090444.0
008 110808s2004 viesd
020 |c 31000đ 
041 0 |a vie 
082 |a 891.4  |b TA-R 
100 0 |a Tagore Rabindranath 
245 0 |a Thơ  |b Tuyển  |c Tagore Rabindranath; dịch Đỗ Khánh Hoan, Cao Huy Đỉnh, Đào Xuân Quý... 
260 |a H.  |b Văn học  |c 2004 
300 |a 309 tr  |c 19 cm 
490 |a Dịch theo bản Pháp, Anh 
653 |a Văn học hiện đại 
653 |a Thơ 
653 |a Tuyển 
653 |a Anh 
700 |a Đỗ Khánh Hoan...  |e dịch 
700 |a Cao Huy Đỉnh...  |e dịch 
910 |a Nguyễn Thị Kim Oanh  |d 08/ 08/ 2011 
OWN |a LSP 
AVA |a UDN50  |b LSP  |d 891.4 TA-R  |e available  |t Error 5001 Not defined in file expand_doc_bib_avail.  |f 2  |g 0  |h N  |i 1  |k 1 
999 |a From the UDN01 
AVA |a UDN50  |b LSP  |d 891.4 TA-R  |e available  |t Error 5001 Not defined in file expand_doc_bib_avail.  |f 2  |g 0  |h N  |i 1  |k 1 
TYP |a Monograph 
TYP |a Printed language 
980 |a Mạng thư viện Đại học Đà Nẵng